| 000 | 00587nam a22001937a 4500 | ||
|---|---|---|---|
| 003 | NALT | ||
| 005 | 20210921092104.0 | ||
| 008 | th f tha d | ||
| 040 | _aNALT | ||
| 041 | _atha | ||
| 090 |
_aFIC _bช322บ |
||
| 100 | 0 |
_aช่อลัดา _99387 |
|
| 245 | 1 | 0 |
_aบ้านไร่เรือนรัก / _cช่อลัดา. |
| 260 |
_aกรุงเทพฯ : _bคลังวิทยา, _cม.ป.ป. |
||
| 300 |
_a471 หน้า ; _c19 ซม. |
||
| 650 | 0 |
_aนวนิยาย _93785 |
|
| 850 | _aNALT | ||
| 942 |
_cFIC _2local |
||
| 999 |
_c42196 _d42196 |
||
| 998 |
_j109 _k อารีรัตน์ วิชาช่าง |
||